Cinderella - So This is Love Lyrics - Statistics

General Stats
  • This quiz has been taken 180 times
  • The average score is 50 of 58
Answer Stats
Answer % Correct
I
100%
I
100%
love
100%
love
100%
love
100%
So
100%
So
100%
So
100%
So
100%
So
100%
this
100%
this
100%
this
100%
this
100%
this
100%
is
99%
is
99%
is
99%
is
99%
is
99%
is
99%
what
92%
The
90%
the
90%
the
90%
And
86%
And
86%
makes
86%
life
83%
that
83%
to
82%
heart
80%
of
80%
all
79%
all
79%
know
79%
miracle
79%
can
78%
been
77%
divine
77%
in
77%
i've
77%
now
77%
My
76%
fly
75%
I'm
75%
every
74%
has
74%
sky
74%
dreaming
73%
heaven
73%
key
73%
star
73%
touch
73%
I'll
72%
wings
72%
mine
71%
aglow
70%
No matching quizzes found
Score Distribution
Percent of People with Each Score
Percentile by Number Answered
Your Score History
You have not taken this quiz